00189nam a2200073Ia 4500008004100000100001300041245003900054260002200093170817s9999 xx 000 0 und d aTRIPATHI 0aMANOVAIGYANIK ANUSANDHAN PADDTIYAN bH.P.BHARGAVA AGRA